00412nam a2200145 a 450000100100000000500170001000800410002702000150006810000230008324500490010624600340015526000430018930000210023204000130025300003386220200930070559.0110913s2001 br 000 0 spa d a07387006571 aSilva, Carolina da10aSólo prenda una vela /cCarolina da Silva.14aMagia, leyendas y tradiciones cSt. Paul, Minn :bLlewellyn Español. a179 p. ;c21 cm. aDO-SdBNP